000 00284nam a22001337a 4500
008 170920b xxu||||| |||| 00| 0 eng d
020 _at 3233
041 _aeng
080 _a7
100 _a44
101 _aART
245 _aHOW GOOD IS MODERN ART?
_cRUSSELL, J
942 _2udc
_cBK
999 _c28397
_d28397